Statistiques concernant Capitales des regions du Chili

Cliquez ici pour prendre le quiz!

Statistiques générales

  • Ce quiz a été pris 49 fois
  • Le résultat moyen est 8 sur 16

Statistiques - réponses

RégionsCapitales% Correct
ValparaisoValparaiso
97%
MetropolitaineSantiago
88%
AntofagastaAntofagasta
76%
Arica et ParinacotaArica
73%
BiobioConcepcion
45%
Antarctique et MagallanesPunta Arenas
45%
CoquimboLa Serena
39%
AraucanieTemuco
39%
TarapacaIquique
36%
NubleChillan
33%
LacsPuerto Montt
33%
AtacamaCopiapo
30%
AysenCoyhaique
30%
Libertador O'HigginsRancagua
30%
MauleTalca
30%
FleuvesValdivia
30%

Distribution des résultats

Percentile par nombre de réponses

% des personnes avec chaque résultat

Votre développement - résultats

Vous n’avez pas pris ce quiz